LEADER 01090cam0-22003971i-450- 001 990003994030403321 005 20091127115614.0 010 $a88-14-10443-3 035 $a000399403 035 $aFED01000399403 035 $a(Aleph)000399403FED01 035 $a000399403 100 $a20040126d2003----km-y0itay50------ba 101 0 $aita 102 $aIT 105 $ay-------001yy 200 1 $a<>argomentazione giuridica$fAngelo Costanzo$gpresentazione di Bruno Montanari 210 $aMilano$cGiuffrè$d2003 215 $aXV, 235 p.$d24 cm 610 0 $aTeoria del diritto 676 $a340.1$v20$zita 676 $a340$v20$zita 700 1$aCostanzo,$bAngelo$0150948 702 1$aMontanari,$bBruno 801 0$aIT$bUNINA$gRICA$2UNIMARC 901 $aBK 912 $a990003994030403321 952 $aDP VI-583$b21231$fDEC 952 $aC-VI-32$b12822$fDDRC 952 $aFIL-646$b12394 dip.$fDDRC 952 $aXI D C 69$bDip.Fil.1814$fDFD 959 $aDEC 959 $aDFD 959 $aDDRC 996 $aArgomentazione giuridica$9471793 997 $aUNINA LEADER 01878nam 22005414a 450 001 9910456698703321 005 20200520144314.0 035 $a(CKB)2550000000035447 035 $a(OCoLC)732955777 035 $a(CaPaEBR)ebrary10430463 035 $a(SSID)ssj0000553395 035 $a(PQKBManifestationID)11354969 035 $a(PQKBTitleCode)TC0000553395 035 $a(PQKBWorkID)10506900 035 $a(PQKB)10403085 035 $a(MiAaPQ)EBC3016871 035 $a(Au-PeEL)EBL3016871 035 $a(CaPaEBR)ebr10430463 035 $a(EXLCZ)992550000000035447 100 $a20081209d2009 uy 0 101 0 $aeng 135 $aurcn||||||||| 181 $ctxt 182 $cc 183 $acr 200 10$aGlobal medium, local laws$b[electronic resource] $eregulating cross-border cyberhate /$fBastiaan Vanacker 210 $aEl Paso $cLFB Scholarly Pub.$d2009 215 $a1 online resource (270 p.) 225 1 $aLaw and society 300 $aBibliographic Level Mode of Issuance: Monograph 311 $a1-59332-331-X 320 $aIncludes bibliographical references (p. 247-260) and index. 327 $aHate speech in American law -- Regulating online hate speech in the United States -- Hate speech law in Europe -- Regulating online hate in Europe -- Evaluating cross-border Internet content regulation -- Evaluating regulatory options : where to go from here? 410 0$aLaw and society (New York, N.Y.) 606 $aHate speech$zUnited States 606 $aHate speech$zEurope 608 $aElectronic books. 615 0$aHate speech 615 0$aHate speech 676 $a345/.0256 700 $aVanacker$b Bastiaan$0968237 801 0$bMiAaPQ 801 1$bMiAaPQ 801 2$bMiAaPQ 906 $aBOOK 912 $a9910456698703321 996 $aGlobal medium, local laws$92199139 997 $aUNINA